Statistiken für Venedig Trivia

Klicken Sie hier um das Quiz zu spielen!

Allgemein

  • Dieses Quiz wurde 238 mal gespielt
  • Das Durchschnittsergebnis liegt bei 14 aus 21

Antwortstatistiken

Hinweis Antwort % Korrekt
"Venedig" auf ItalienischVenezia
94%
Venedig ist berühmt für diese Art von BootenGondel
94%
Venedig grenzt an dieses MeerAdria
90%
Dieses Gewässer teilt die Stadt in zwei Teileder Canal {Grande}
89%
Schutzpatron Venedigs und Namensgeber ihrer KathedraleHeiliger Markus
83%
Naturkatastrophe, von welcher Venedig regelmässig heimgesucht wirdHochwasser
83%
Fest, das für seine originellen Masken bekannt istKarneval
81%
Komponist der "vier Jahreszeiten"Antonio Vivaldi
73%
Titel für das Oberhaupt des mittelalterlichen VenedigsDoge
72%
Venezianischer Entdecker, der nach China reiste und Kubilai Khan trafMarco Polo
69%
Berühmteste Brücke, welche das obengenannte Gewässer überquertRialtobrücke
68%
Venedig liegt in dieser RegionVenetien
67%
Venezianischer Abenteurer, dessen Name heute mit Verführern assoziiert wirdGiacomo Casanova
63%
Venedig war einer der vier italienischen Stadtstaaten, welcher im Mittelalter
eine Seemacht darstellte. Nennen Sie einen der anderen Stadtstaaten.
Genua, Pisa oder Amalfi
60%
Wichtigster Preis der Filmfestspiele von VenedigGoldener {Löwe}
49%
Person, die Venedig 1797 eroberteNapoleon Bonaparte
48%
Insel, die für ihre Glasbläserkunst bekannt istMurano
45%
Überdachte Brücke, über welche Verurteilte auf dem Weg zum Gefängnis liefen{Seufzer}brücke
42%
Werke Shakespeares, die in Venedig spielenDer {Kaufmann} von Venedig
41%
Kreuzfahrer erobern diese Stadt 1204, was das Byzantinische Reich lähmtKonstantinopel
37%
Werke Shakespeares, die in Venedig spielenOthello
24%

Verteilung der Resultate

Perzentil nach korrekt beantworteten Fragen

Anzahl Personen mit jedem Resultat

Ihre Resultats-Entwicklung

Sie haben dieses Quiz noch nicht gespielt